| 000 | 00401nam a2200145 4500 | ||
|---|---|---|---|
| 008 | 020510s1987 ilu engta | ||
| 090 | 0 |
_aBF481 _bR89 |
|
| 100 | 1 | _aRush, Myron | |
| 245 | 1 | 0 |
_aBurnout / _cMyron Rush. |
| 260 |
_aIllinois : _bVictor Books, _cc1987. |
||
| 300 | _a153 p. | ||
| 650 | 4 | _aApplied psychology. | |
| 951 |
_p11496 _oBF481/R89 _j070613111106250 _d2000-12-21 _cGC |
||
| 999 |
_c6803 _d6803 |
||